The English urban renaissance : culture and society in the provincial town, 1660-1770

Αποθηκεύτηκε σε:
Λεπτομέρειες βιβλιογραφικής εγγραφής
Κύριος συγγραφέας: Borsay, Peter
Μορφή: Βιβλίο
Γλώσσα:English
Δημοσίευση: Oxford : Clarendon Press, 2002, c1989
Σειρά:Oxford studies in social history
Θέματα:
Ετικέτες: Προσθήκη ετικέτας
Δεν υπάρχουν, Καταχωρήστε ετικέτα πρώτοι!

MARC

LEADER 00000nam a2200000 i 4500
001 1/50109
008 070801s1989 eng d
020 |a 0-19-820255-5 (pbk.) 
035 |l 10089372 
040 |a GR-MY-UA  |b gre  |e aacr 
041 0 |a eng 
082 0 |a 307.760942  |2 (22) 
100 1 |a Borsay, Peter. 
245 1 4 |a The English urban renaissance :  |b culture and society in the provincial town, 1660-1770 /  |c Peter Borsay 
260 |a Oxford :   |b Clarendon Press,   |c 2002, c1989 
300 |a xxii, 416 σ.;  |b εικ.;  |c 22 εκ. 
490 1 |a Oxford studies in social history 
500 |a Ανατύπωση, 2002 
504 |a Βιβλιογραφία: σ. [369]-400 
504 |a Περιέχει ευρετήριο 
650 0 0 |a Cities and towns  |z England  |x History  |y 17th century. 
650 0 0 |a Cities and towns  |z England  |x History  |y 18th century. 
651 0 |a England  |x Social life and customs. 
651 0 |a England  |x Civilization  |y 17th century. 
651 0 |a England  |x Civilization  |y 18th century. 
830 0 |a Oxford studies in social history 
852 |a INST  |b LESVOS  |e 20070801  |h 307.760942 BOR  |p 005100039287  |q 005100039287  |t BK  |y 0 
901 |a BIBL1-2007-2 
909 |a Λ  |b 137391 
922 |a 1ΕΛΗ  |b 200707  |c ΕΠΕΑΕΚ2/ΤΚΑ  |d ΕΛΕΥΘΕΡΟΥΔΑΚΗΣ 
970 |a ΒΑΡΚΑ  |b ΕΛΕΥΘΕΡΙΑ  |z 2007/08/01